000 00242nam a22000977a 4500
041 _aENG
245 _aHandbook Of Basic Statistics Of Maharashtra State
260 _aDelhi
_bICAR
_c2000
650 _aCompetitive (47)
856 _uCompetitive (47)
999 _c3079
_d3079